[Event "Skopje ol (Men) fin-B"]
[Site "Skopje"]
[Date "1972.??.??"]
[Round "1"]
[White "Beyen, Roland"]
[Black "Zadrima, Aldo"]
[Result "1/2-1/2"]
[WhiteElo "2280"]
[BlackElo "2200"]

1.d4 Nf6 2.c4 e6 3.Nc3 Bb4 4.f3 d5 5.Qa4+ Nc6 6.a3 Bxc3+ 7.bxc3 Nd7 8.Qc2 dxc4
9.e4 Na5 10.Rb1 b6 11.f4 O-O 12.Nf3 f5 13.Be2 Bb7 14.exf5 exf5 15.Rb5 c5
16.O-O Qf6 17.Be3 Qc6 18.a4 Rae8 19.Bf2 Qe4 20.Qxe4 fxe4 21.Ne5 Nxe5 22.fxe5 cxd4
23.cxd4 c3 24.Rc1 Rc8 25.Bg4 Ba6 26.Bxc8 Rxc8 27.Rxa5 bxa5 28.d5 Bb7 29.d6 Kf7  1/2-1/2

[Event "Skopje ol (Men) fin-B"]
[Site "Skopje"]
[Date "1972.??.??"]
[Round "6"]
[White "Beyen, Roland"]
[Black "Magnusson, Olafur"]
[Result "0-1"]
[WhiteElo "2280"]
[BlackElo "2380"]

1.d4 Nf6 2.c4 e6 3.Nc3 Bb4 4.f3 d5 5.Qa4+ Nc6 6.a3 Be7 7.e3 O-O 8.f4 Bd7
9.Qc2 b6 10.b4 a5 11.b5 Na7 12.Nf3 c6 13.cxd5 cxd5 14.Bd3 Rc8 15.Qb3 Ne8
16.O-O Nd6 17.Ne5 a4 18.Qb2 Be8 19.Rb1 f6 20.Nf3 Nc4 21.Bxc4 Rxc4 22.f5 exf5
23.Rf2 Bg6 24.Nd2 Rc7 25.Qa2 Bf7  0-1

[Event "Skopje ol (Men) fin-A"]
[Site "Skopje"]
[Date "1972.??.??"]
[Round "10"]
[White "Martz, William E"]
[Black "Csom, Istvan"]
[Result "0-1"]
[WhiteElo "2420"]
[BlackElo "2485"]

1.c4 Nf6 2.d4 e6 3.Nc3 Bb4 4.f3 c5 5.d5 Bxc3+ 6.bxc3 Nh5 7.g3 f5 8.e4 f4
9.Ne2 e5 10.Bh3 O-O 11.O-O d6 12.Bg4 fxg3 13.Bxh5 gxh2+ 14.Kh1 Qh4 15.Bg4 Bxg4
16.fxg4 Nd7 17.Bb2 Rxf1+ 18.Qxf1 Rf8 19.Qe1 Qh3 20.Rd1 Rf3 21.g5 Nf8 22.Nc1 Ng6
23.Qd2 Nf4 24.g6 Nh5 25.gxh7+ Kh8 26.Ne2 Rf2  0-1

[Event "Capablanca mem-C 13th"]
[Site "Cienfuegos"]
[Date "1976.05.24"]
[Round "8"]
[White "Boudy, Julio"]
[Black "Bueno Perez, Lazaro"]
[Result "1/2-1/2"]
[WhiteElo "2395"]
[BlackElo "2200"]

1.d4 Nf6 2.c4 e6 3.Nc3 Bb4 4.f3 c5 5.a3 Bxc3+ 6.bxc3 d6 7.e4 e5 8.d5 O-O
9.Bd3 Nh5 10.Ne2 Qh4+ 11.g3 Qh3 12.Kf2 g6 13.Bh6 Ng7 14.Qd2 f5 15.exf5 Bxf5
16.Ng1 Qh5 17.Kg2 Bxd3 18.g4 Qh4 19.Bg5 Qxg4+ 20.fxg4 Be4+ 21.Kg3 Bxh1 22.Be7 Rf7
23.Bxd6 Nd7 24.Nh3 Ne8 25.Rxh1 Nxd6 26.Qe2 h6 27.Rf1 Rxf1 28.Qxf1 Rf8 29.Qe2 Kg7
30.Kg2 g5 31.Kg1 Rf7 32.Nf2 Rf4 33.h4  1/2-1/2

[Event "Biel"]
[Site "Biel"]
[Date "1977.??.??"]
[Round "12"]
[White "Partos, Charles"]
[Black "Andersson, Ulf"]
[Result "1/2-1/2"]
[WhiteElo "2415"]
[BlackElo "2565"]

1.d4 Nf6 2.c4 e6 3.Nc3 Bb4 4.f3 d5 5.a3 Bxc3+ 6.bxc3 c5 7.cxd5 exd5 8.e3 O-O
9.Bd3 b6 10.Ne2 Ba6 11.O-O Bxd3 12.Qxd3 Re8 13.g4 Nc6 14.Ng3 Rc8 15.Ra2 Nd7
16.Nf5 Nf8 17.Rd2 Na5 18.Re2 Ne6 19.Rd1 Rc7 20.Kf1 Qd7 21.e4 cxd4 22.cxd4 Rxc1
23.Rxc1 Nf4 24.Qe3 Nxe2 25.Kxe2 f6  1/2-1/2

[Event "URS-ch sf"]
[Site "Daugavpils"]
[Date "1978.??.??"]
[Round "?"]
[White "Vladimirov, Evgeny"]
[Black "Sturua, Zurab"]
[Result "1-0"]
[WhiteElo "2445"]
[BlackElo "2395"]

1.d4 Nf6 2.c4 e6 3.Nc3 Bb4 4.f3 d5 5.a3 Bxc3+ 6.bxc3 c5 7.cxd5 Nxd5 8.dxc5 Qa5
9.e4 Nf6 10.Be3 Qxc3+ 11.Kf2 O-O 12.Ne2 Qa5 13.Qd2 Qxd2 14.Bxd2 Nc6 15.Nc3 Rd8
16.Be3 e5 17.Be2 Be6 18.Rhd1 h6 19.Rab1 Rxd1 20.Nxd1 Rb8 21.Nc3 Nd7 22.Nb5 b6
23.cxb6 axb6 24.Nc7 Nd4 25.Bxd4 exd4 26.Rb4 Nc5 27.Rxd4 Rc8 28.Nxe6 Nxe6
29.Rc4 Ra8 30.Rc3 Kf8 31.Ke3 Ke7 32.g3 Nc5 33.h4 Ra5 34.Kd4 Ne6+ 35.Kc4 Rc5+
36.Kd3 Ra5 37.Bd1 g5 38.hxg5 Rxg5 39.g4 h5 40.gxh5 Rxh5 41.Bb3 Ra5 42.Bxe6 Kxe6
43.Rb3 Kd7 44.Ke3 Ke7 45.Kf4 f6 46.Kg4 Rg5+ 47.Kf4 Ra5 48.Kg3 Kf7 49.Kf2 Ke7
50.Ke2 Kf7 51.Ke3 Ke7 52.Kd4 f5 53.e5 Ra4+ 54.Kd5 Ra5+ 55.Kc4 Rc5+ 56.Kd4 Ra5
57.f4 Ra4+ 58.Ke3 b5 59.Kf3 Ra8 60.Kg3 Rg8+ 61.Kf2 Rb8 62.Rb4 Ra8 63.Rxb5 Ra6
64.Rb3 Ke6 65.Rd3 Ra4 66.Kg3 Ke7 67.Rd6 Rxa3+ 68.Kh4 Ra8 69.Kg5  1-0

[Event "Jakarta"]
[Site "Jakarta"]
[Date "1978.??.??"]
[Round "?"]
[White "Shirazi, Kamran G"]
[Black "Sampouw, Jacobus S"]
[Result "1-0"]
[WhiteElo "2285"]
[BlackElo "2315"]

1.d4 Nf6 2.c4 e6 3.Nc3 Bb4 4.f3 d5 5.cxd5 Nxd5 6.Qd3 c5 7.a3 Ba5 8.dxc5 Bxc3+
9.bxc3 Nd7 10.e4 Ne7 11.Be3 O-O 12.Nh3 Qa5 13.Qc4 Nc6 14.Nf2 Nde5 15.Qb3 Qc7
16.Be2 Na5 17.Qb4 Nec6 18.Qa4 Bd7 19.Qd1 Rfd8 20.O-O e5 21.Qd6 Qc8 22.Qd3 Be6
23.Qb5 Bb3 24.f4 exf4 25.Bxf4 Qe6 26.Bd6 Qg6 27.Rab1 Bc2 28.Rbe1 Re8 29.Qb2 Bb3
30.Qd2 Bc4 31.Bxc4 Nxc4 32.Qd5 N4e5 33.Nd3 Nxd3 34.Qxd3 Rad8 35.Qd5 h6 36.Rf3 Qe6
37.Ref1 f6 38.Rg3 Kf7 39.Qh5+ Kg8 40.Qg6 Qf7 41.Qxh6 Rxe4 42.h3 Re6 43.Rf5 Ne7
44.Rh5 Kf8 45.Qh8+ Qg8 46.Rxg7 Qxh8 47.Rxh8+ Kxg7 48.Rxd8 Nd5 49.Rd7+ Kg6
50.Rxb7 Re1+ 51.Kf2 Ra1 52.c4 Ra2+ 53.Kf3 Rxa3+ 54.Ke4 Nc3+ 55.Kd4 Ne2+ 56.Kd5 Nc3+
57.Ke6 Ne4 58.c6 Re3 59.Bf4 Rc3 60.Kd5 Kf5 61.c7  1-0

[Event "Marshall op"]
[Site "New York"]
[Date "1979.??.??"]
[Round "6"]
[White "Pavlovic, Slobodan"]
[Black "Zuckerman, Bernard"]
[Result "1/2-1/2"]
[WhiteElo "2340"]
[BlackElo "2480"]

1.d4 Nf6 2.c4 e6 3.Nc3 Bb4 4.f3 d5 5.a3 Bd6 6.Bg5 Be7 7.Qc2 c5 8.dxc5 dxc4
9.Nh3 Qa5 10.e4 Qxc5 11.Qa4+ Bd7 12.Qxc4 Nc6  1/2-1/2

[Event "Marshall op"]
[Site "New York"]
[Date "1979.??.??"]
[Round "9"]
[White "Formanek, Edward W"]
[Black "Shahade, Michael"]
[Result "1-0"]
[WhiteElo "2410"]
[BlackElo "2340"]

1.d4 Nf6 2.c4 e6 3.Nc3 Bb4 4.f3 c5 5.a3 Bxc3+ 6.bxc3 d5 7.cxd5 exd5 8.e3 cxd4
9.cxd4 Bf5 10.Ne2 Nc6 11.Ng3 Bg6 12.Bd3 O-O 13.O-O Re8 14.Nf5 Qd7 15.g4 Ne7
16.Nxe7+ Rxe7 17.Be2 Rc8 18.Ra2 Qc6 19.Bd2 Bc2 20.Qa1 Bb3 21.Rb2 Ba4 22.Rc1 Qe6
23.Rb4 Rxc1+ 24.Qxc1 Bc6 25.Qc5 b6 26.Qc3 Rc7 27.Rb1 Ne8 28.Qb3 Qd7 29.Rc1 Bb7
30.Rxc7 Qxc7 31.Qa4 Bc6 32.Qc2 Bb5 33.Qxc7 Nxc7 34.Bd1 Bc6 35.Bb4 a5 36.Be7 Nb5
37.Bb3 f6 38.e4 Kf7 39.Bd8 a4 40.Bxa4 Nxd4 41.Bxc6 Nxc6 42.Bxb6 dxe4 43.fxe4 Kg6
44.Kf2 h5 45.gxh5+ Kxh5 46.a4 Kg4 47.Bc7 Kh3 48.a5 Nxa5 49.Bxa5 Kxh2 50.Kf3 Kh3
51.Be1 Kh2 52.Bb4 Kh3 53.Bf8 g5 54.Be7 g4+ 55.Kf4  1-0

[Event "Malta ol (Men)"]
[Site "La Valetta"]
[Date "1980.??.??"]
[Round "?"]
[White "Klement, Ottomar"]
[Black "Kilani, Z."]
[Result "1-0"]
[WhiteElo "2200"]
[BlackElo "2200"]

1.d4 Nf6 2.c4 e6 3.Nc3 Bb4 4.f3 Bxc3+ 5.bxc3 d5 6.Bg5 b6 7.cxd5 exd5 8.e3 Bb7
9.Bb5+ c6 10.Bd3 h6 11.Bh4 g5 12.Bf2 Ba6 13.Ne2 Bxd3 14.Qxd3 Qe7 15.Ng3 Qe6
16.Nf5 Kf8 17.Bg3 Rh7 18.O-O Nbd7 19.Rae1 Re8 20.Nd6 Re7 21.e4 dxe4 22.fxe4 Kg8
23.Qa6 Nb8 24.Qe2 Rd7 25.d5 Qe7 26.Nc8 Qd8 27.Bxb8 Qxc8 28.Rxf6 Qxb8 29.Rxc6 Qe5
30.Qd2 Rg7 31.Qd4 Qe8 32.Rxh6 Rh7 33.Rxh7 Kxh7 34.Re3 Qd8 35.Qe5 f6 36.Rh3+ Kg7
37.Qf5 Kg8 38.Rf3 Kg7 39.h4 Qe7 40.h5  1-0

[Event "Biel"]
[Site "Biel"]
[Date "1981.??.??"]
[Round "?"]
[White "Partos, Charles"]
[Black "Wirthensohn, Heinz"]
[Result "0-1"]
[WhiteElo "2425"]
[BlackElo "2420"]

1.d4 Nf6 2.c4 e6 3.Nc3 Bb4 4.f3 c5 5.d5 Bxc3+ 6.bxc3 d6 7.e4 e5 8.Bd3 O-O
9.Bg5 h6 10.Be3 Nh5 11.Ne2 f5 12.exf5 Bxf5 13.Bxf5 Rxf5 14.O-O Rf7 15.Qb1 Nd7
16.g4 Nf4 17.Ng3 h5 18.gxh5 Nb6 19.Qb3 Qh4 20.Ne4 Qxh5 21.Kh1 Raf8 22.Nd2 Ne2
23.Rfe1 Ng3+ 24.Kg1 Nf5 25.a4 Rf6 26.Kh1 Rg6 27.Bf2 Kf7  0-1

[Event "POL-chT"]
[Site "Lubniewice"]
[Date "1981.??.??"]
[Round "4"]
[White "Pojedziniec, Wladyslaw"]
[Black "Gizynski, Tomasz"]
[Result "1/2-1/2"]
[WhiteElo "2275"]
[BlackElo "2235"]

1.d4 Nf6 2.c4 e6 3.Nc3 Bb4 4.f3 d5 5.e3 O-O 6.a3 Bxc3+ 7.bxc3 c5 8.cxd5 exd5
9.Bd3 b6 10.Ne2 Ba6 11.O-O Re8 12.Ng3 Bxd3 13.Qxd3 Nc6 14.Ra2 Qd7 15.Re2 Rad8
16.Rd1 a5 17.Ree1 Qb7 18.Bb2 cxd4 19.cxd4 b5 20.e4 dxe4 21.fxe4 Ne5 22.Qb3 Nc4
23.e5 Nd5 24.Nf5 Re6 25.Bc1 Rg6 26.Qf3 Qd7 27.h4 Re6 28.Qg4 Rg6 29.Qf3 Re6
30.h5 Ne7 31.Ng3 Qa7 32.Kh2 h6 33.Re4 Qb7 34.Rf1 Rf8 35.Qg4 b4 36.axb4 axb4
37.Ref4 b3 38.Rxf7 Rxf7 39.Qxe6 Qd5 40.Qxd5 Nxd5 41.Rxf7 Kxf7 42.Ne4 Nb4
43.Nc5 b2 44.Bxb2 Nxb2 45.Kg3 Nc6 46.Nb3 Na4 47.Kf4 Ke6 48.g4 Ne7 49.Ke4 Nd5
50.Nd2 Nb2 51.Nf1 Nc3+ 52.Kf3 Kd5 53.Ne3+ Kxd4 54.Nf5+ Kxe5 55.Nxg7 Kf6 56.Nf5 Kg5
57.Nd6 Kf6 58.Nf5 Kg5 59.Nd6  1/2-1/2

[Event "Pernik"]
[Site "Pernik"]
[Date "1981.??.??"]
[Round "1"]
[White "Marszalek, Rafal"]
[Black "Simic, Radoslav"]
[Result "0-1"]
[WhiteElo "2350"]
[BlackElo "2440"]

1.d4 Nf6 2.c4 e6 3.Nc3 Bb4 4.f3 d5 5.a3 Bxc3+ 6.bxc3 O-O 7.e3 c5 8.cxd5 exd5
9.Bd3 b6 10.Ne2 Ba6 11.O-O Re8 12.Ng3 Bxd3 13.Qxd3 Nc6 14.Ra2 Rc8 15.Re2 Rc7
16.Bb2 cxd4 17.cxd4 Rf8 18.Rd1 Ne8 19.e4 Ne7 20.e5 f5 21.Rc2 Rxc2 22.Qxc2 f4
23.Ne2 Nc7 24.a4 Nf5 25.Qc6 Ne3 26.Rd3 Nc4 27.Ba3 Rf7 28.Bd6 Nxd6 29.exd6 Ne8
30.d7 Qxd7 31.Qxd7 Rxd7 32.Nxf4 g5 33.Nh3 h6 34.Rc3 Ng7 35.Rc6 Nf5 36.g4 Nxd4
37.Rxh6 Nxf3+ 38.Kg2 Ne5 39.Kg3 d4 40.Re6 Nf7 41.Kf2 Rd5 42.Kf3 d3 43.Nf2 d2
44.Nd1 Nd6 45.Ke2 Kf7 46.Rh6 Ke7 47.Rh7+ Nf7 48.h4 gxh4 49.Rxh4 Rd4 50.a5 b5
51.Rh5 a6 52.Rc5 Kd6 53.Rf5 Ke6 54.Rc5 Kd6 55.Rf5 Ke6 56.Rc5 Ne5 57.Rc8 Nxg4
58.Rc6+ Rd6 59.Rxd6+ Kxd6 60.Kxd2 Kc5 61.Kc3 b4+ 62.Kb3 Kb5 63.Nb2 Ne5  0-1

[Event "Midwest Masters"]
[Site "Chicago"]
[Date "1982.??.??"]
[Round "4"]
[White "Tennant, Steven"]
[Black "Rhine, F."]
[Result "1/2-1/2"]
[WhiteElo "2340"]
[BlackElo "2175"]

1.d4 Nf6 2.c4 e6 3.Nc3 Bb4 4.f3 c5 5.d5 O-O 6.e4 exd5 7.cxd5 Re8 8.Ne2 d6
9.Ng3 a6 10.Be2 Nbd7 11.O-O Ne5 12.f4 Ng6 13.Qc2 Bd7 14.Bd2 b5 15.Rae1 c4
16.f5 Bc5+ 17.Kh1 Nf8 18.Bg5 Bd4 19.e5 Bxe5 20.Nce4 Bc8 21.Bxf6 Bxf6 22.Nh5 Nd7
23.Nxd6 Re5 24.Bf3 Nc5 25.Nxf6+ Qxf6 26.Qc3 Nd3 27.Rxe5 Qxe5 28.Qxe5 Nxe5
29.f6 gxf6 30.Ne8 f5 31.Re1 Nxf3 32.gxf3 Bb7 33.Kg2 Kf8 34.Nf6 Rd8 35.Re5 Rd6
36.Rxf5 Ke7 37.Ng8+ Kf8  1/2-1/2

[Event "Midwest Masters"]
[Site "Chicago"]
[Date "1982.??.??"]
[Round "5"]
[White "Tennant, Steven"]
[Black "Popel, Stephan A"]
[Result "1-0"]
[WhiteElo "2340"]
[BlackElo "2150"]

1.d4 Nf6 2.c4 e6 3.Nc3 Bb4 4.f3 d6 5.e4 O-O 6.Ne2 e5 7.a3 Bxc3+ 8.Nxc3 Nc6
9.d5 Ne7 10.Be3 Ne8 11.b4 f5 12.Bd3 f4 13.Bf2 Nf6 14.c5 Bd7 15.Rc1 a5 16.bxa5 Rxa5
17.cxd6 cxd6 18.Qb3 Qa8 19.Nb1 Ba4 20.Qb4 Nc8 21.O-O Nd7 22.Nc3 Nc5 23.Bxc5 dxc5
24.Qb2 Qa7 25.Nxa4 Rxa4 26.Qxe5 Rxa3 27.Bc4 Nb6 28.d6+ Nxc4 29.Rxc4 b6 30.Qd5+ Qf7
31.Qxf7+ Kxf7 32.e5 Ke6 33.Re4 g5 34.Rd1 Rd8 35.Rd2 Re3 36.Re2 Rxe4 37.Rxe4 b5
38.Kf2 Ra8 39.Re2 b4 40.Ke1 c4 41.Rb2 b3 42.Kd2 Ra1 43.Kc3 Rc1+ 44.Kd2 Ra1
45.Kc3 Kxe5 46.d7  1-0

[Event "Futurity"]
[Site "Chicago"]
[Date "1982.??.??"]
[Round "7"]
[White "Brasket, Curt J"]
[Black "Lindsay, Fred"]
[Result "1/2-1/2"]
[WhiteElo "2365"]
[BlackElo "2245"]

1.c4 Nf6 2.d4 e6 3.Nc3 Bb4 4.f3 d5 5.a3 Be7 6.e4 dxe4 7.fxe4 e5 8.d5 Bc5
9.Bg5 Nbd7 10.b4 Bd4 11.Nge2 Bf2+ 12.Kxf2 Ng4+ 13.Ke1 Qxg5 14.Qd2 Qh4+ 15.g3 Qf6
16.Ng1 Qg6 17.Nf3 a5 18.Nh4 Qh6 19.Qxh6 Nxh6 20.Rb1 axb4 21.axb4 Nf6 22.Kd2 Ke7
23.Nf3 Nhg4 24.Bd3 Nf2 25.Rhf1 N6g4 26.Bc2 Bd7 27.Ng1 Ra3 28.Rbe1 Nh1 29.Re2 h6
30.Nf3 Nhf2 31.Rexf2 Nxf2 32.Rxf2 f6 33.Nh4 Rha8 34.Nf5+ Bxf5 35.exf5 Ra1
36.Ne4 R1a2 37.Kc1 R8a3 38.c5 Re3 39.d6+ Kd7 40.c6+ Kxc6 41.Ba4+ Rxa4 42.Rc2+ Kd5
43.dxc7 Ra8 44.Nc3+ Rxc3 45.Rxc3 Rc8 46.b5 b6 47.Rc6 Ke4 48.g4 Kf3 49.h3 e4
50.Kd1 Kf4 51.Ke2 h5 52.gxh5 Kxf5 53.Kf2  1/2-1/2

[Event "Luzern ol (Men)"]
[Site "Luzern"]
[Date "1982.??.??"]
[Round "12"]
[White "Partos, Charles"]
[Black "Kovacevic, Vlatko"]
[Result "1-0"]
[WhiteElo "2410"]
[BlackElo "2560"]

1.d4 Nf6 2.c4 e6 3.Nc3 Bb4 4.f3 d5 5.a3 Bxc3+ 6.bxc3 O-O 7.cxd5 exd5 8.e3 Bf5
9.Ne2 c5 10.g4 Bd7 11.Ng3 Qa5 12.Bd2 Ba4 13.Qb1 Nc6 14.g5 Ne8 15.Bd3 g6 16.h4 Ng7
17.Qb2 f5 18.gxf6 Rxf6 19.O-O c4 20.Be2 Qc7 21.Be1 Nf5 22.Nxf5 gxf5 23.Kh1 Kh8
24.Rg1 Qe7 25.Bf2 f4 26.exf4 Re8 27.Bf1 Rxf4 28.Rg5 Qf7 29.Bg2 h6 30.Rg4 Rf6
31.Qd2 Kh7 32.Re1 Rxe1+ 33.Bxe1 Qe7 34.Bg3 Re6 35.h5 Re2 36.Qf4 Bc2 37.Bh4 Qe8
38.Bf6 Re1+ 39.Kh2 Qxh5+ 40.Kg3 Re7 41.Bxe7 Nxe7 42.Qf8 Ng6 43.Qf7+ Kh8 44.Qxb7 Bf5
45.Qxd5 Bxg4 46.Qd8+ Kg7 47.fxg4 Qb5 48.Bd5 Qb1 49.Qg8+ Kf6 50.Qe6+ Kg5 51.Qe3+ Kf6
52.Bxc4  1-0

[Event "JUG-ch"]
[Site "Vrbas"]
[Date "1982.??.??"]
[Round "?"]
[White "Sines, J."]
[Black "Dizdar, Goran"]
[Result "1-0"]
[WhiteElo "2355"]
[BlackElo "2380"]

1.d4 Nf6 2.c4 e6 3.Nc3 Bb4 4.f3 c5 5.d5 Nh5 6.g3 Bxc3+ 7.bxc3 f5 8.Nh3 e5
9.e4 f4 10.d6 Nc6 11.Qd5 b6 12.gxf4 Qh4+ 13.Kd1 Nf6 14.Qd3 Ba6 15.Qe2 O-O-O
16.Rg1 Rde8 17.f5 Na5 18.Rxg7 Bxc4 19.Qg2 Qh5 20.Bxc4 Nxc4 21.Qf1 Nxd6 22.Kc2 Rhg8
23.Rg5 Qf7 24.Qa6+ Kb8 25.Rb1 Nc4 26.Rg3 d5 27.Ng5 Qh5 28.Rh3 Rxg5 29.Rxh5 Rxh5
30.exd5 Rxh2+ 31.Kd3 Nd6 32.Rxb6+ axb6 33.Qxb6+ Kc8 34.Qc6+ Kd8 35.Qxd6+ Nd7
36.Bg5+ Kc8 37.Qc6+ Kb8 38.Qxd7 Rg8 39.Qb5+ Kc7 40.Qxc5+ Kd7 41.Qc6+  1-0

[Event "Valby SK"]
[Site "Valby"]
[Date "1983.05.15"]
[Round "4"]
[White "Brinck Claussen, Bjorn"]
[Black "Lengyel, Levente"]
[Result "0-1"]
[WhiteElo "2380"]
[BlackElo "2415"]

1.d4 Nf6 2.c4 e6 3.Nc3 Bb4 4.f3 d5 5.a3 Bxc3+ 6.bxc3 c5 7.cxd5 Nxd5 8.dxc5 f5
9.Nh3 Qa5 10.Qd2 Qxc5 11.c4 Nf6 12.Bb2 Nc6 13.e3 O-O 14.Be2 e5 15.Nf2 Rd8
16.Qc3 Be6 17.O-O Rd7 18.Rfd1 Rad8 19.Rxd7 Rxd7 20.Bf1 Rc7 21.Re1 Nd7 22.f4 Qa5
23.fxe5 Qxc3 24.Bxc3 Ncxe5 25.e4 f4 26.Bd2 g5 27.h4 h6 28.hxg5 hxg5 29.Bb4 Bxc4
30.Rc1 Kf7 31.Be2 Rc6 32.Bh5+ Kg7 33.Be8 Be6 34.Rxc6 Nxc6 35.Bc3+ Kh6 36.Nd3 Nf8
37.Kf2 Bd7 38.Bf7 Nd8 39.Bd5 Be6 40.g3 fxg3+ 41.Kxg3 Nd7 42.Bd4 a6 43.a4 Bxd5
44.exd5 Kg6 45.Ne5+ Nxe5 46.Bxe5 Kf5 47.Bc7 Nf7 48.Kf3 g4+ 49.Ke3 Ng5 50.Kd4 Ne4
51.a5 g3 52.Ke3 g2 53.Bh2 Ng5 54.Kf2 g1=Q+ 55.Bxg1 Nh3+ 56.Ke3 Ke5 57.Bh2+ Kxd5
58.Kf3 Ng5+  0-1

[Event "URS-ch sf"]
[Site "Irkutsk"]
[Date "1983.??.??"]
[Round "?"]
[White "Vladimirov, Evgeny"]
[Black "Tavadian, Ragik"]
[Result "1/2-1/2"]
[WhiteElo "2500"]
[BlackElo "2260"]

1.d4 Nf6 2.c4 e6 3.Nc3 Bb4 4.f3 d5 5.a3 Bxc3+ 6.bxc3 c5 7.cxd5 Nxd5 8.dxc5 Qa5
9.e4 Ne7 10.Be3 Qxc3+ 11.Kf2 O-O 12.Ne2 Qa5 13.Qd2 Qxd2 14.Bxd2 Nd7 15.Rc1 Ne5
16.Nd4 Rd8 17.Ke3 f5 18.Bc3 fxe4 19.fxe4 b6 20.cxb6 axb6 21.Bb2 Ng4+ 22.Kf3 Ne5+
23.Kg3 Ra4 24.Rc7 Raxd4 25.Rxe7 Rxe4 26.Bb5 Re3+ 27.Kf4 Ng6+ 28.Kxe3 Nxe7
29.Rc1 Bb7  1/2-1/2

[Event "DEN-ch"]
[Site "Tarnby"]
[Date "1983.??.??"]
[Round "4"]
[White "Brinck Claussen, Bjorn"]
[Black "Jakobsen, Ole"]
[Result "1-0"]
[WhiteElo "2380"]
[BlackElo "2445"]

1.d4 Nf6 2.c4 e6 3.Nc3 Bb4 4.f3 c5 5.d5 Bxc3+ 6.bxc3 Nh5 7.g3 O-O 8.e4 d6
9.Nh3 Qa5 10.Bd2 e5 11.f4 Nf6 12.Nf2 exf4 13.gxf4 Re8 14.Bd3 Nxe4 15.Bxe4 f5
16.Qh5 Qd8 17.O-O-O fxe4 18.Rde1 Rf8 19.Nxe4 Bf5 20.Rhg1 Na6 21.Qh6 g6 22.Ng3 Qd7
23.Nxf5 Rxf5 24.Re6 Raf8 25.Rexg6+ hxg6 26.Rxg6+ Kf7 27.Rg7+ Ke8 28.Rxd7 Kxd7
29.Qe6+ Kc7 30.Qe7+ Kb8 31.Qxd6+ Ka8 32.h4 R5f6 33.Qe7 R6f7 34.Qe4 Nb8 35.Be3 Nd7
36.Kd2 b6 37.Ke2 Nf6 38.Qe6 Ne8 39.Qc8+  1-0

[Event "DEN-ch"]
[Site "Tarnby"]
[Date "1983.??.??"]
[Round "6"]
[White "Brinck Claussen, Bjorn"]
[Black "Hansen, Curt"]
[Result "1/2-1/2"]
[WhiteElo "2380"]
[BlackElo "2450"]

1.d4 Nf6 2.c4 e6 3.Nc3 Bb4 4.f3 c5 5.d5 b5 6.dxe6 fxe6 7.cxb5 d5 8.a3 Ba5
9.Bd2 O-O 10.Nh3 a6 11.e3 d4 12.exd4 cxd4 13.Na2 axb5 14.Bxa5 Qxa5+ 15.Qd2 Qxd2+
16.Kxd2 Bd7 17.Bd3 Nc6 18.Bxb5 Na5 19.Bxd7 Nb3+ 20.Kd3 Nxd7 21.Rad1 Ndc5+
22.Ke2 e5 23.Nf2 Rae8 24.Rhe1 Rf6 25.Nb4 e4 26.fxe4 Nxe4 27.Nxe4 Rxe4+ 28.Kd3 Rxe1
29.Rxe1 Rf2 30.Kc4 Rxb2 31.Re5 Nc1 32.Rg5  1/2-1/2

[Event "DEN-ch"]
[Site "Tarnby"]
[Date "1983.??.??"]
[Round "10"]
[White "Brinck Claussen, Bjorn"]
[Black "Iskov, Gert"]
[Result "1-0"]
[WhiteElo "2380"]
[BlackElo "2360"]

1.d4 Nf6 2.c4 e6 3.Nc3 Bb4 4.f3 c5 5.d5 Nh5 6.g3 Bxc3+ 7.bxc3 f5 8.Nh3 e5
9.e4 fxe4 10.fxe4 Nf6 11.Qe2 O-O 12.Nf2 Qa5 13.Qc2 d6 14.Bg5 Nbd7 15.Be2 h6
16.Be3 Nb6 17.g4 Bd7 18.h4 Ba4 19.Qd2 Bb3 20.g5 Nxc4 21.Qc1 Bc2 22.Bxc4 Qxc3+
23.Qd2 Qxa1+ 24.Ke2 Bb1 25.gxf6 Rxf6 26.Rc1 Raf8 27.Ke1 b5 28.Bd3 Qxa2 29.Rxb1 Qxd2+
30.Kxd2 Rxf2+ 31.Bxf2 Rxf2+ 32.Ke3 Ra2 33.Rxb5 Ra3 34.Kd2 Ra4 35.Rb8+ Kf7
36.Rb7+ Kg6 37.Rd7 Kh5 38.Rxd6 Rd4 39.Ke3 Kxh4 40.Rg6 c4 41.Be2  1-0

[Event "URS-ch sf"]
[Site "Barnaul"]
[Date "1984.??.??"]
[Round "?"]
[White "Kishnev, Sergey"]
[Black "Vaisser, Anatoli"]
[Result "1/2-1/2"]
[WhiteElo "2260"]
[BlackElo "2475"]

1.d4 Nf6 2.c4 e6 3.Nc3 Bb4 4.f3 c5 5.d5 d6 6.e4 exd5 7.cxd5 O-O 8.Bd3 Nh5
9.Ne2 f5 10.exf5 c4 11.Be4 Bxf5 12.O-O Bxc3 13.bxc3 Bxe4 14.fxe4 Nd7 15.Nd4 Rxf1+
16.Qxf1 Qh4 17.Ba3 Qxe4 18.Re1 Qd3 19.Qf5 Qxf5 20.Nxf5  1/2-1/2

[Event "Berlin op"]
[Site "Berlin-West"]
[Date "1984.??.??"]
[Round "1"]
[White "Ballon, Guenther Jan"]
[Black "Brunner, Lucas"]
[Result "0-1"]
[WhiteElo "2275"]
[BlackElo "2200"]

1.d4 Nf6 2.c4 e6 3.Nc3 Bb4 4.f3 c5 5.d5 Nh5 6.Nh3 Qh4+ 7.g3 Qxc4 8.e4 Qd4
9.Bd2 Nf6 10.Nf4 exd5 11.Ncxd5 Nxd5 12.Nxd5 Qxd2+ 13.Qxd2 Bxd2+ 14.Kxd2 Kd8
15.Bc4 Nc6 16.Ne3 Nd4 17.f4 f6 18.Nc2 Nxc2 19.Kxc2 d6 20.Rad1 Kc7 21.Rd2 Re8
22.Bd5 Be6 23.Rhd1 Rad8 24.Re1 f5 25.e5 dxe5 26.Rxe5 Bxd5 27.Rdxd5 Rxd5 28.Rxd5 Re2+
29.Kb3 Kc6 30.Rxf5 Rxh2 31.Rg5 g6 32.f5 Rh5 33.Rxh5 gxh5 34.a4 Kd5 35.a5 Ke5
36.Kc4 Kxf5  0-1

[Event "Berlin op"]
[Site "Berlin-West"]
[Date "1984.??.??"]
[Round "4"]
[White "Mohr, Stefan"]
[Black "Brunner, Lucas"]
[Result "1-0"]
[WhiteElo "2200"]
[BlackElo "2200"]

1.d4 Nf6 2.c4 e6 3.Nc3 Bb4 4.f3 c5 5.d5 b5 6.e4 bxc4 7.Bxc4 Nxd5 8.Bxd5 exd5
9.Qxd5 Nc6 10.Ne2 Ba6 11.Be3 Qa5 12.Kf2 O-O 13.a3 Bxc3 14.Nxc3 c4 15.Qxa5 Nxa5
16.Nd5 Rab8 17.Nb4 Bb5 18.Bxa7 Rb7 19.Bd4 Nc6 20.Nxc6 Bxc6 21.a4 Ra8 22.a5 Bb5
23.Rhd1 f6 24.Bb6 Rc8 25.Rd5 Bc6 26.Rc5  1-0

[Event "BCF-ch"]
[Site "Brighton"]
[Date "1984.??.??"]
[Round "5"]
[White "Levitt, Jonathan"]
[Black "Jackson, Sheila"]
[Result "1/2-1/2"]
[WhiteElo "2370"]
[BlackElo "2190"]

1.d4 Nf6 2.c4 e6 3.Nc3 Bb4 4.f3 c5 5.d5 Bxc3+ 6.bxc3 e5 7.e4 d6 8.Bd3 O-O
9.Bg5 h6 10.Be3 Bd7 11.Ne2 Na6 12.Qd2 Ba4 13.g4 Kh7 14.h4 Ng8 15.h5 Rb8 16.Kf2 b5
17.cxb5 Bxb5 18.a4 Bxd3 19.Qxd3 Qa5 20.Rhb1 Rxb1 21.Qxb1 Rb8 22.Qa2 Qb6 23.Qc4 Nc7
24.Bc1 Qa6 25.Qxa6 Nxa6 26.Ke3 Nc7 27.Kd3 Ne7 28.Ra2 Kg8 29.Rb2 Rxb2 30.Bxb2 Nc8
31.a5 a6 32.Bc1 Kf8 33.Kc4 Nb5 34.Ng3 Ne7 35.Nh1 f6 36.Ng3 Ke8 37.Be3 Na3+
38.Kb3 Nb5 39.Bd2 Kd7 40.f4 exf4 41.Bxf4 Kc7 42.Be3 Kd7 43.Ne2 Nc8 44.Nf4 Nc7
45.Kc4 Na7 46.Ng6 Nc8 47.Bc1 Ke8 48.Bf4 Kd7 49.Bg3 Ne8 50.Nf8+ Ke7 51.Ne6 Kd7
52.Bf2 Ke7 53.Kd3 Kf7 54.Be3 Na7 55.Bf4 Ke7 56.c4 Nc8 57.Be3 Kf7 58.Kc3 Ke7
59.Kb3 Kf7 60.Ka4 Ke7 61.Bd2 Kf7 62.Bc1 Ke7 63.Bf4 Na7 64.Bd2 Nc8 65.Be3 Kf7
66.Kb3 Ke7 67.Kc2 Kf7 68.Kd2 Ke7 69.Ke1 Kf7 70.Kf2 Ke7 71.Kg3 Kf7 72.Kh2 Ke7
73.Kg3 Kf7 74.Kf4 Ke7 75.Kf3 Kf7 76.Kg2 Ke7 77.Kh1 Kf7 78.Kg2 Ke7 79.Kf1 Kf7
80.Ke2 Ke7 81.Kd1 Kf7 82.Ke2 Ke7 83.Kd3 Kf7 84.Nxc5 dxc5 85.Bxc5 Ncd6 86.Kd4 Ke7
87.Bb4 Kd7 88.c5 Nf7 89.c6+ Kc7 90.Bf8 Ne5 91.Kc5 Nd3+ 92.Kc4 Ne5+ 93.Kd4 Nf7  1/2-1/2

[Event "New Delhi"]
[Site "Delhi"]
[Date "1984.??.??"]
[Round "?"]
[White "Choudhry, A."]
[Black "Prasad, Devaki V"]
[Result "1/2-1/2"]
[WhiteElo "2260"]
[BlackElo "2340"]

1.d4 Nf6 2.c4 e6 3.Nc3 Bb4 4.f3 d5 5.a3 Be7 6.e4 dxc4 7.Bxc4 O-O 8.Be3 Nbd7
9.e5 Ne8 10.f4 Nb6 11.Bd3 Nd5 12.Nxd5 Qxd5 13.Nf3 Bd7 14.Qc2 g6 15.O-O Bc6
16.Ng5 Qd7 17.Rac1 Ng7 18.Be4 Bxe4 19.Nxe4 c6 20.Rfd1 Nf5 21.Bf2 h5 22.Qb3 Rfd8
23.Nc5 Bxc5 24.dxc5 Qe7 25.Rd6 g5 26.Qh3 h4 27.Qg4 Kg7 28.Rcd1 Kg6 29.g3 hxg3
30.hxg3  1/2-1/2

[Event "Bayamo"]
[Site "Bayamo"]
[Date "1985.??.??"]
[Round "3"]
[White "Huerta, Ramon"]
[Black "Vaisser, Anatoli"]
[Result "0-1"]
[WhiteElo "2440"]
[BlackElo "2490"]

1.d4 Nf6 2.c4 e6 3.Nc3 Bb4 4.f3 d5 5.a3 Be7 6.e4 dxe4 7.fxe4 e5 8.d5 Bc5
9.Bg5 h6 10.Bh4 Bd4 11.Bd3 c6 12.Qc2 Nbd7 13.Nf3 Qe7 14.Nxd4 exd4 15.Ne2 c5
16.O-O g5 17.Bf2 Ne5 18.b4 b6 19.Ng3 h5 20.Rac1 Nfg4 21.h3 Nxf2 22.Rxf2 cxb4
23.axb4 Qxb4 24.Rb1 Qc3 25.Qxc3 dxc3 26.Bf1 Ke7 27.Rc1 h4 28.Nf5+ Bxf5 29.Rxf5 f6
30.c5 bxc5 31.Rxc3 c4 32.d6+ Kxd6 33.Rxf6+ Kc5 34.Rf5 Kd4 35.Rc1 Rhg8 36.Rf6 Rac8
37.Rd6+ Kxe4 38.Re1+ Kf5 39.Be2 Rgd8 40.Ra6 Rc5 41.Rxa7 c3  0-1

[Event "Bayamo"]
[Site "Bayamo"]
[Date "1985.??.??"]
[Round "7"]
[White "Huerta, Ramon"]
[Black "Garcia Gonzales, Guillermo"]
[Result "1/2-1/2"]
[WhiteElo "2440"]
[BlackElo "2440"]

1.d4 Nf6 2.c4 e6 3.Nc3 Bb4 4.f3 d5 5.a3 Be7 6.e4 O-O 7.cxd5 exd5 8.e5 Ne8
9.Bd3 c5 10.f4 cxd4 11.Nce2 Nc6 12.Nf3 Bg4 13.O-O f6 14.Qc2 fxe5 15.Nxe5 Nxe5
16.fxe5 Rxf1+ 17.Kxf1 Bxe2+ 18.Qxe2 g6 19.Qg4 Ng7 20.Bh6  1/2-1/2

[Event "Midwest Masters"]
[Site "Chicago"]
[Date "1985.??.??"]
[Round "1"]
[White "Formanek, Edward W"]
[Black "Ginsburg, Mark"]
[Result "1-0"]
[WhiteElo "2330"]
[BlackElo "2415"]

1.d4 Nf6 2.c4 e6 3.Nc3 Bb4 4.f3 c5 5.d5 b5 6.e4 bxc4 7.Bxc4 exd5 8.Bxd5 Nxd5
9.Qxd5 Qh4+ 10.g3 Qf6 11.Qxa8 Bxc3+ 12.bxc3 Qxc3+ 13.Kf2 Qd4+ 14.Be3 Qxa1
15.Qxb8 O-O 16.Qxa7 f5 17.Bxc5 Re8 18.Bd4 Qd1 19.Be3 fxe4 20.f4 Re6 21.Qd4 Qb1
22.g4 Rc6 23.Qd5+ Kh8 24.Qb3 Qa1 25.Qf7 h6 26.Qe8+ Kh7 27.Qxe4+ Kh8 28.Ne2 Qxa2
29.Qb1 Qe6 30.Qf5 Qe7 31.Rc1 Qh4+ 32.Kf1 Qh3+ 33.Ke1 Qh4+ 34.Bf2 Qxh2 35.Rxc6 Qh1+
36.Bg1 Qxc6 37.Qf8+ Kh7 38.Bd4 Qg6 39.Qxc8 Qxg4 40.Qc2+ g6 41.Qc8 g5 42.Qc2+ Kg8
43.Qg6+ Kf8 44.Bc5+ d6 45.Bxd6+  1-0